000 00443nam a2200193Ia 4500
005 20240823041905.0
008 240823s9999||||xx |||||||||||||| ||und||
020 _a81-219-0131-6
041 _aENGLISH
082 _A625.7 Q2
100 _aSharma S K
245 0 _aHighway Engineering
250 _a2nd
260 _c2012
_bS Chand Co
500 _aTRANSFERED
650 _aHighway Engineering
_bCivil
942 _cBK
999 _c206583
_d206583